Statistics for 日本人の名字TOP100

Click here to take the quiz!

General Stats

  • This quiz has been taken 271 times
  • The average score is 48 of 100

Answer Stats

順位苗字% Correct
1佐藤
98%
2鈴木
93%
4田中
92%
12山田
85%
5伊藤
82%
3高橋
80%
7山本
78%
22
76%
8中村
73%
10加藤
73%
18
70%
13佐々木
69%
6渡辺
69%
9小林
69%
43太田
65%
11吉田
65%
14山口
64%
61上田
64%
62
64%
53松田
62%
15松本
62%
25阿部
61%
19斎藤
61%
26石川
60%
17木村
60%
32岡田
58%
80村田
58%
24橋本
55%
41斉藤
55%
59石田
55%
48藤原
55%
16井上
55%
49中野
54%
36近藤
54%
60森田
53%
37村上
53%
71大野
53%
47岡本
53%
21山崎
52%
28中島
52%
27山下
52%
34藤田
52%
38遠藤
51%
42福田
51%
30小川
50%
56田村
49%
55小野
49%
40坂本
49%
23池田
49%
52中川
49%
51原田
48%
31前田
48%
76高田
47%
90松井
47%
72小島
47%
57中山
46%
95久保
45%
45藤井
45%
44西村
45%
58和田
42%
33長谷川
42%
20清水
42%
35後藤
40%
39青木
40%
63内田
39%
87上野
39%
89武田
39%
91千葉
37%
65酒井
36%
66宮崎
36%
69安藤
36%
97野村
36%
82新井
35%
94木下
35%
29石井
35%
88野口
34%
75工藤
32%
68高木
32%
85藤本
32%
70宮本
32%
73谷口
31%
96佐野
31%
50三浦
29%
74今井
29%
77増田
29%
86河野
28%
83小山
28%
84平野
27%
81大塚
27%
64柴田
27%
46金子
25%
67横山
25%
79杉山
24%
99市川
24%
98松尾
24%
54竹内
23%
100菊地
21%
93菅原
20%
78丸山
20%
92岩崎
18%

Score Distribution

Percentile by Number Answered

Percent of People with Each Score

Your Score History

You have not taken this quiz